Doctor Who Companion Actors/Actresses Quiz Stats

 Plays Quiz not verified by Sporcle

Challenge
Share
Tweet
Embed
Score 0/53 Timer 10:00
0 Plays Today
Character's Name Actor/Actress % Correct
Rose TylerBillie Piper
91.7%
Captain Jack HarknessJohn Barrowman
91.7%
Donna NobleCatherine Tate
88.9%
Liz ShawCaroline John
83.3%
Sarah Jane SmithElisabeth Sladen
80.6%
Mickey SmithNoel Clarke
80.6%
River SongAlex Kingston
80.6%
Martha JonesFreema Agyeman
75%
Amy PondKaren Gillan
75%
Clara OswaldJenna Coleman
75%
Jo GrantKaty Manning
72.2%
Astrid PethKylie Minogue
72.2%
Wilfred MottBernard Cribbins
72.2%
Rory WilliamsArthur Darvill
69.4%
Craig OwensJames Corden
69.4%
NardoleMatt Lucas
69.4%
Jamie McCrimmonFrazer Hines
66.7%
Romana IMary Tamm
66.7%
Mel BushBonnie Langford
66.7%
Susan ForemanCarole Ann Ford
63.9%
Brigadier Lethbridge-StewartNicholas Courtney
63.9%
Romana IILalla Ward
63.9%
Bill PottsPearl Mackie
63.9%
Ian ChestertonWilliam Russell
61.1%
Steven TaylorPeter Purves
61.1%
Ben JacksonMichael Craze
61.1%
AdricMatthew Waterhouse
61.1%
Character's Name Actor/Actress % Correct
Vislor TurloughMark Strickson
61.1%
Jackson LakeDavid Morrissey
61.1%
Barbara WrightJacqueline Hill
58.3%
K-9 (Voice)John Leeson
58.3%
Tegan JovankaJanet Fielding
58.3%
NyssaSarah Sutton
58.3%
Peri BrownNicola Bryant
58.3%
Lady Christina de SouzaMichelle Ryan
58.3%
LeelaLouise Jameson
55.6%
AceSophie Aldred
55.6%
Adelaide BrookeLindsay Duncan
55.6%
Sara KingdomJean Marsh
52.8%
PollyAnneke Wills
52.8%
Sergeant BentonJohn Levene
52.8%
Harry SullivanIan Marter
52.8%
Dodo ChapletJackie Lane
50%
Victoria WaterfieldDeborah Watling
50%
Zoe HeriotWendy Padbury
50%
Grace HollowayDaphne Ashbrook
50%
Adam MitchellBruno Langley
50%
VickiMaureen O'Brien
47.2%
KatarinaAdrienne Hill
44.4%
Captain Mike YatesRichard Franklin
41.7%
Kamelion (Voice)Gerald Flood
38.9%
Jamie McCrimmon IIHamish Wilson
33.3%
K-9 (Second Voice)David Brierly
10.7%

You're not logged in!

Compare scores with friends on all Sporcle quizzes.
Join for Free
OR
Log In

You Might Also Like...

Show Comments

Extras

Created Jun 27, 2017ReportNominate
Tags:Doctor Who Quiz

Top Quizzes Today


Score Distribution

Your Account Isn't Verified!

In order to create a playlist on Sporcle, you need to verify the email address you used during registration. Go to your Sporcle Settings to finish the process.

Report this User

Report this user for behavior that violates our Community Guidelines.

Details: